000 00498nam a2200169 a 4500
001 000005351
005 20240226141826.0
008 090819s2009 sp 000 0 spa d
040 _aDO-SdBNP
_bspa
_cBNPHU
082 _axxxx
_bxxxx
100 1 _aVerne, Julio,
_d1828-1905
_91073
245 1 3 _aLa vuelta al mundo en 80 días /
_cJulio Verne.
260 _aEspaña :
_bExtremadura,
_c2009.
300 _a254 p. ;
_c18 cm.
490 1 _aBiblioteca de aventuras
830 0 _aBiblioteca de aventuras
_915180
999 _c5152
_d5152